Grateful Dead Songs to Lyrics - Statistics

General Stats
  • This quiz has been taken 157 times
  • The average score is 9 of 15
Answer Stats
Hint Answer % Correct
"I will get by I will survive" Touch of Grey
93%
"Drivin' that train, high on cocaine" Casey Jones
91%
"If I get home before daylight, I just might get some sleep tonight." Friend of the Devil
83%
"Don't tell me this town ain't got no heart, you just gotta poke around." Shakedown Street
82%
"What a long, strange trip it's been." Truckin'
77%
"When there is no pebble tossed, no wind to blow" Ripple
70%
"Takes the wheel when I'm seeing double, pays my ticket when I speed" Sugar Magnolia
70%
"Crazy cat peekin' through a lace bandana, like a one-eyed cheshire, like a diamond-eyed jack" China Cat Sunflower
64%
"Will you come with me?Won't you come with me? Whoah, oh, what I want to know, will you come with me?" Uncle John's Band
64%
"don't you come around here anymore" Bertha
61%
"I was feelin' so bad, I asked my family doctor about what I had" Good Lovin'
57%
"Talk about your plenty, talk about your ills, one man gathers what another man spills" St. Stephen
55%
"Saw your first ship sink and drown from the rockin' of the boat" Ship of Fools
40%
"Never could reach it, just slips away but I try" Crazy Fingers
8%
"On the wall of the garden, a legend did say: no one may come here since no one may stay" Rosemary
8%
No matching quizzes found
Score Distribution
Percent of People with Each Score
Percentile by Number Answered
Your Score History
You have not taken this quiz